3ª Jornadas nacionales de Filosofía y Ciencia Política (Record no. 5024)
[ view plain ]
| 000 -CABECERA | |
|---|---|
| campo de control de longitud fija | 00274nam a22001097a 4500 |
| 020 ## - NUMERO INTERNACIONAL NORMALIZADO PARA LIBROS (ISBN) | |
| International Standard Book Number | 987949444X |
| 245 ## - MENCION DE TITULO | |
| Título propiamente dicho | 3ª Jornadas nacionales de Filosofía y Ciencia Política |
| 260 ## - PUBLICACION, DISTRIBUCION, ETC. (PIE DE IMPRENTA) | |
| Lugar de publicación, distribución, etc. | Mar del Plata: |
| Nombre del editor, distribuidor, etc. | Suárez |
| Fecha de publicación, distribución, etc. | 2003 |
| 300 ## - DESCRIPCION FISICA | |
| Extensión | 438 P. |
| 945 ## - INFORMACION DE PROCESAMIENTO LOCAL | |
| Responsable de carga/modificación | Celeste Delía |
| AAAA-MM-DD - Fecha de ingreso/modificación | 2019-08-12 |
| 942 ## - ELEMENTOS AGREGADOS (KOHA) | |
| Clasificación normalizada de Koha para alfabetizar | _ |
| Retirado | Perdido | Fuente de clasificación | Dañado | No se presta | Ubicación permanente | Locación actual | Estante o sala | Fecha de adquisición | Total préstamos | Signatura topográfica | Inventario | Ultima fecha vista | Fecha del precio | Tipo de item de Koha |
|---|---|---|---|---|---|---|---|---|---|---|---|---|---|---|
| Bib. Derecho | Bib. Derecho | Sala de Lectura | 12/08/2019 | 340.12 J 769 | 201034 | 12/08/2019 | 12/08/2019 | LIBRO (Consulta) |
